Tous les Duellistes affrontés par Yami Yugi dans Yu-Gi-Oh! - Statistiques

Statistiques générales
  • Ce quiz a été pris 61 fois
    32 depuis la dernière actualisation
  • Le résultat moyen est 15 sur 30
Statistiques - réponses
Duellistes affrontés par Yami Yugi dans Yu-Gi-Oh! % Correct
Joey Wheeler
96%
Maximilien Pegasus
96%
Seto Kaiba
96%
Insector Haga
93%
Mai Valentine
89%
Yami Marek
89%
Yami Bakura
85%
Mako Tsunami
70%
Yugi Muto
70%
Arkana
63%
Bandit Ken
63%
Tristan Taylor
63%
Dartz
52%
Makuba Kaiba
52%
Raphael
52%
Noah Kaiba
48%
Rebecca Hawkins
48%
Para
44%
PaniK
37%
Doxe
33%
Seto
30%
Stings
26%
Jack Hunter
22%
Leon von Schroder
22%
Lumis
22%
Umbra
22%
Fantôme de Seto Kaiba
4%
Gansley
4%
Gurimo
4%
Johnny Steps
4%
Aucun quiz correspondant
Distribution des résultats
% des personnes avec chaque résultat
Percentile par nombre de réponses
Votre historique - résultats
Vous n’avez pas pris ce quiz depuis la dernière actualisation